| 000 | 02055nmm a2200313 a 4500 | ||
|---|---|---|---|
| 003 | CO-CtgCURN | ||
| 005 | 20250721204535.0 | ||
| 008 | 250317s9999 xx f 000 0 und d | ||
| 040 |
_aCO-CtgCURN _bspa _ccoctgcurn |
||
| 082 |
_aENF 2024 _bA374c |
||
| 100 |
_aAlexander Peñate, Keylis Marisol _eautora |
||
| 245 | 0 |
_aCuidados de enfermería en pacientes con artroplastia de reemplazo : una revisión de alcance _h[electronic resource] / _cKeylis Marisol Alexander Peñate; Dayan Judith De La Hoz Segura; Cindy Marcela Landinez Kalil; Clarith Marcela Mejía Charris; tutora., Maira Alejandra de la Asunción Torres |
|
| 260 |
_aBarranquilla, Atlántico : _bCorporación Universitaria Rafael Núñez, _c2024 |
||
| 300 |
_a1 recurso en línea (76 páginas (PDF)) : _btablas |
||
| 502 | _aTrabajo de Grado (Enfermera). Corporación Universitaria Rafael Nuñez. Facultad de Ciencias de la Salud. Programa de Enfermería, 2024 | ||
| 504 | _aIncluye referencias bibliográficas | ||
| 520 | _a"Esta revisión exploratoria examina los cuidados de enfermería brindados a pacientes sometidos a artroplastia de reemplazo articular. La creciente incidencia de estas cirugías, impulsada por el envejecimiento de la población y el aumento de afecciones articulares, subraya la necesidad de evaluar el papel de la enfermera en la mejoría de los resultados postoperatorios" | ||
| 521 | _aAREA PROFESIONAL | ||
| 590 | _aPrograma de Enfermería_27 | ||
| 650 |
_a Enfermería _vTesis y disertaciones académicas |
||
| 650 | _aArtroplastia | ||
| 700 |
_aAsunción Torres, Maira Alejandra de la _etutora |
||
| 700 |
_aHoz Segura, Dayan Judith De La _eautora |
||
| 700 |
_aLandinez Kalil, Cindy Marcela _eautora |
||
| 700 |
_aMejía Charris, Clarith Marcela _eautora |
||
| 856 |
_yConsulte aquí el texto completo _uhttps://unicurn.sharepoint.com/:b:/s/biblioteca/EUe4LuueBENKi11Z6kkqJqQBkuAQTgea1tKMOVzccWHHTQ?e=1UOTC9 |
||
| 942 |
_cTG _hENF 2024 _iA374c _2ddc _n0 |
||
| 999 |
_c26797 _d26797 |
||